Statistics for The Four "Countries" on the Island of Cyprus

Click here to take the quiz!

General Stats

  • This quiz has been taken 207 times
  • The average score is 2 of 4

Answer Stats

segment% Correct
Republic of Cyprus (58%)
97%
Turkish Republic of Northern Cyprus (36%)
81%
British Overseas Territory of Akrotiri and Dhekelia (3%)
19%
United Nations Buffer Zone (4%)
18%

Score Distribution

Percentile by Number Answered

Percent of People with Each Score

Your Score History

You have not taken this quiz